Kapitál primeranosť a efektívnosť vybraných bankových sektorov Európskej únie

Finančná kríza poukázala na dôležitosť sledovania a dodržiavania podmienok regulácie podnikania bánk. Jednou z oblastí regulácie je aj oblasť stanovenia výšky regulatórneho kapitálu banky, ktorá je riešená prostredníctvom koncepcie kapitálovej primeranosti. Z dôvodu regulácie dochádza určitým spôsob...

ver descrição completa

Na minha lista:
Detalhes bibliográficos
Autor principal: Kočišová, Kristína
Formato: Capítulo de Livro
Idioma:eslovaco
Assuntos:
Tags: Adicionar Tag
Sem tags, seja o primeiro a adicionar uma tag!

MARC

LEADER 00000naa a2200000 4500
001 0166292
005 20231128131440.7
041 0 |a slo 
044 |a CZ 
245 1 0 |a Kapitál primeranosť a efektívnosť vybraných bankových sektorov Európskej únie  |c Kristína Kočišová 
520 |a Finančná kríza poukázala na dôležitosť sledovania a dodržiavania podmienok regulácie podnikania bánk. Jednou z oblastí regulácie je aj oblasť stanovenia výšky regulatórneho kapitálu banky, ktorá je riešená prostredníctvom koncepcie kapitálovej primeranosti. Z dôvodu regulácie dochádza určitým spôsobom aj k ovplyvňovaniu efektívnosti samotných bánk, a teda aj efektívnosti jednotlivých bankových sektorov. Analýza vzťahu medzi kapitálovou primeranosťou a efektívnosťou bankových sektorov v krajinách Európskej únie meranou pomocou vstupne orientovaných DEA modelov. 
610 2 0 |a primeranosť kapitálová 
610 2 0 |a banky 
610 2 0 |a efektívnosť ekonomická 
610 2 0 |a kríza finančná 
610 2 0 |a regulácia finančná 
610 2 0 |a Európska únia 
100 1 |a Kočišová, Kristína